| 000 | 00720nam a2200229Ia 4500 | ||
|---|---|---|---|
| 003 | GCL | ||
| 008 | 140319s9999 xx 000 0 ara d | ||
| 040 |
_aGCL / _cGCL |
||
| 082 | 0 | 4 |
_a251.1 _bى م |
| 100 | 1 | _aياسين محمد يحيى | |
| 245 | 1 | 0 |
_aالمجتمع الاسلامى فى ضوء فقة الكتاب والسنه / _cياسين محمد يحيى |
| 260 |
_a[S.N] : _bمنشاة المعارف الاسلامية ، _c1984 |
||
| 300 | _a296 ص | ||
| 490 | _a | ||
| 650 | 0 | 4 | _aالزواج |
| 650 | 0 | 4 | _aالنفقات |
| 650 | 0 | 4 | _aالقياس |
| 650 | 0 | 4 | _aالشريعة الاسلامية |
| 650 | 0 | 4 | _aالفقه الاسلامى |
| 650 | 0 | 4 | _aتعدد الأزواج |
| 942 |
_2ddc _cBK |
||
| 999 |
_c58964 _d58964 |
||